Τζων Χιούστον : ένα πορτραίτο

Αποθηκεύτηκε σε:
Λεπτομέρειες βιβλιογραφικής εγγραφής
Κύριος συγγραφέας: Γουδέλης, Τάσος, 1949-
Μορφή: Βιβλίο
Γλώσσα:Greek
Δημοσίευση: Αθήνα : Αιγόκερως, c1988.
Σειρά:Κινηματογραφικό αρχείο ; 101
Θέματα:
Ετικέτες: Προσθήκη ετικέτας
Δεν υπάρχουν, Καταχωρήστε ετικέτα πρώτοι!

MARC

LEADER 00000cam a2200000 i 4500
001 1/54378
008 981001s1988 gr | ||| |||| ||gre||
035 |l 10044978 
040 |a GR-MyUA  |b gre  |e AACR2 
041 0 |a gre 
082 0 |a 791.430233092 
100 1 |a Γουδέλης, Τάσος,   |d 1949- 
245 1 0 |a Τζων Χιούστον :   |b ένα πορτραίτο /   |c Τάσος Γουδέλης.  
260 |a Αθήνα :   |b Αιγόκερως,   |c c1988.  
300 |a 240, [16] σ. :   |b εικ. ;   |c 21 εκ.  
490 1 |a (Κινηματογραφικό αρχείο   |v ; 101_  
500 |a Περιέχει φιλμογραφία.  
600 1 0 |a Huston, John,   |d 1906-1987  |x Criticism and interpretation. 
650 0 0 |a Motion picture producers and directors. 
650 0 0 |a Film critics. 
830 0 |a Κινηματογραφικό αρχείο ;  |v  101 
852 |a INST  |b SAMOS  |e 19981001  |h 791.430233092 ΓΟΥ  |p 005300010522  |q 005300010522  |t BK  |y 0 
901 |a BIBL-1998-3 
909 |a Σ  |b 049945 
922 |a 3ΕΛΗ  |b 199809  |c ΒΙΒΛΙΟΘΗΚΗ  |d LEADER